| 000 | 01867nam0a2200325 4500 | ||
|---|---|---|---|
| 001 | RU\NLR\BIBL_A\011685886 | ||
| 005 | 20250626111240.0 | ||
| 010 |
_a5-94504-004-6 _9250 |
||
| 035 | _a(NLR Aleph) 011685886 | ||
| 090 |
_a11312319 _c11312319 |
||
| 100 | _a20180420d2006 |||y0rusy50 ca | ||
| 101 | 0 | _arus | |
| 102 | _aRU | ||
| 105 | _aa z 000 y | ||
| 200 | 1 |
_aРезультаты интеллектуальной деятельности военного, специального и двойного назначения _e[монография] _fЖурицкий Г.И., Гаев А.В., Бесшапов П.Е. [и др. _gФедеральное государственное учреждение "Федеральное агентство по правовой защите результатов интеллектуальной деятельности военного, специального и двойного назначения" при Министерстве юстиции Российской Федерации] |
|
| 205 | _a[2-е изд., перераб. и доп.] | ||
| 210 |
_aСанкт-Петербург _cВремя _d2006 |
||
| 215 |
_a574 с. _cил. _d21 |
||
| 316 |
_aПодпись дарителя неразборчива _5NLR |
||
| 320 | _aБиблиогр.: с. 547-574 | ||
| 606 | 1 |
_aИнтеллектуальная собственность _xОхрана _xПравовые вопросы _yРоссийская Федерация _92098445 _3RU\NLR\AUTH\661269421 |
|
| 686 | 1 | _aХ623.4 | |
| 686 | 1 | _aХ623.3 | |
| 701 | 1 |
_aЖурицкий _bГ. И. _gГеннадий Ильич |
|
| 701 | 1 |
_aГаев _bА. В. _gАлександр Викторович |
|
| 701 | 0 |
_aБесшапов _bП. Е. _gПавел Евгеньевич |
|
| 942 | _cBOOK | ||
| 980 | _aNB | ||